Rozhodovacie procesy pri finančných produktoch
Článok je zameraný na produkty a balíky služieb spojené s bežnými účtami pre fyzické osoby a porovnáva ich výhody. Bežné účty. Náklady na správu bežného účtu. Cena transakcií na účte. Klient bežného účtu. Analýza bežného účtu.
Gespeichert in:
| 1. Verfasser: | |
|---|---|
| Format: | Buchkapitel |
| Sprache: | Slowakisch |
| Schlagworte: | |
| Tags: |
Keine Tags, Fügen Sie das erste Tag hinzu!
|
MARC
| LEADER | 00000nla$a2200000$$$4500 | ||
|---|---|---|---|
| 001 | 0108009 | ||
| 005 | 20240502072207.1 | ||
| 041 | 0 | |a slo | |
| 044 | |a SK | ||
| 245 | 1 | 0 | |a Rozhodovacie procesy pri finančných produktoch |c Anna Strešňáková |
| 520 | |a Článok je zameraný na produkty a balíky služieb spojené s bežnými účtami pre fyzické osoby a porovnáva ich výhody. Bežné účty. Náklady na správu bežného účtu. Cena transakcií na účte. Klient bežného účtu. Analýza bežného účtu. | ||
| 610 | 2 | 0 | |a banky |
| 610 | 2 | 0 | |a účty bežné |
| 610 | 2 | 0 | |a náklady |
| 610 | 2 | 0 | |a náklady transakčné |
| 610 | 2 | 0 | |a klienti |
| 100 | 1 | |a Strešňáková, Anna, 1976- | |